000
00292nam a22001337a 4500
008
170222b xxu||||| |||| 00| 0 eng d
020
_a
9780721696935
041
_a
eng
080
_2
4ED
_a
617
100
_a
5
101
_a
SHK
245
_a
SURGICAL TECHNOLOGY
_c
FULLER.J.K
942
_2
udc
_c
BK
999
_c
6117
_d
6117